Al progreso en la formación de ciudadanos eficientes: educación y sociedad en Costa Rica en 1930 =
Պահպանված է:
| Հիմնական հեղինակ: | |
|---|---|
| Ձևաչափ: | Տեքստ |
| Ցուցիչներ: |
Ավելացրեք ցուցիչ
Չկան պիտակներ, Եղեք առաջինը, ով նշում է այս գրառումը!
|
MARC
| LEADER | 00000 a a2200000 04500 | ||
|---|---|---|---|
| 001 | 47942 | ||
| 003 | |||
| 040 | |||
| 100 | |a Agüero García, Javier | ||
| 245 | |a Al progreso en la formación de ciudadanos eficientes: |b educación y sociedad en Costa Rica en 1930 = |b Progress in the formation of efficient citizens : education and society in Costa Rica in 1930 / |c Javier Agüero García | ||
| 773 | |g número145, (2014), páginas 181-194 | ||
| 999 | |c 21027 |d 21027 | ||
| 773 | 0 | |0 18728 |9 3012 |a Universidad de Costa Rica |d San José, Costa Rica Editorial UCR 1956- |o 17142 |t Revista de Ciencias Sociales/ |x 04825276 | |
